000 00635nam a2200265Ia 4500
008 181129s9999 xx 000 0 und d
020 _a9780439897112
050 _bB478 2006
100 _aBenton, Jim
245 0 _aFantastic Voyage /
245 0 _cby Jim Benton.
260 _aNew York, NY :
260 _bScholastic,
260 _c2006
300 _a103 pages :
300 _billustrations ;
300 _c19cm.
440 _aFranny K. Stein : Mad scientis.
500 _a850L
650 _aDogs.
650 _aScienc -- Experiments.
650 _aVoyages, Imaginary.
700 _aSeries.
700 _aTitle.
999 _c360107
_d360107